00693 2200265 4500001002100000005001500021035002500036008004100061040001200102041000800114082001200122084001800134090002000152100001800172245005700190260003700247500001300284500003400297650001600331700001200347850001200359300002000371990001800391990001800409INLIS00000000003118220180530101107 a0010-091700000000550180530 f 0 ind  aYOPDYOG1 aind a294.548 a294.548 GAN r aL 294.548 Gan R1 aGANDHI, M. K.1 aReligi Susila /c/ M. K. Gandhi; penerjemah, Sumirat aDjakarta :bBalai Pustaka,c1949 ahlm.6-61 aJudul Asli : Ethical Religion aEtika Hindu0 aSumirat aYOPDYOG a61 hlm ;c14 cm a57331-PD/A.17 a57331-PD/A.17